Normal view
MARC view
Entry Topical Term
001 - CONTROL NUMBER
- control field: 302575
003 - CONTROL NUMBER IDENTIFIER
- control field:
005 - DATE AND TIME OF LATEST TRANSACTION
- control field: 20210602101701.0
008 - FIXED-LENGTH DATA ELEMENTS
- fixed length control field: 210602|| aca||aabn | a|a d
040 ## - CATALOGING SOURCE
- Original cataloging agency:
- Transcribing agency:
150 ## - HEADING--TOPICAL TERM
- Topical term or geographic name entry element: Special libraries
- Geographic subdivision: Great Britain
- General subdivision: Handbooks, manuals, etc
670 ## - SOURCE DATA FOUND
- Source citation: Work cat.: (): Dossett, Patti 302574, Handbook of special librarianship and information work /, 1992
